00988nam a2200253Ia 4500003000400000005001700004008004100021020001500062040001800077041000800095082002400103245010300127250001200230260003800242300002900280650002800309650005400337650005100391700003700442700003100479942003400510999001900544952017100563OSt20241116095748.0210716s2005 xx 000 0 und d a8174464328 cAIMIT LIBRARY aeng a001.07265821bCHAM aManaging global business : bstrategic perspective /cEdited by Mukesh Chaturvedi and Aseem Kumar. a1st ed. aNew Delhi :bExcel Books ,c2005. axvi,395p. ;bPBc24.8 cm aThe environment9185599 aGlobal alliances mergers and acquisitions9185600 aGlobal customers profile and behaviour9185601 aChaturvedi, Mukesh., ed.9185602 aKumar, Aseem., ed.9185603 2ddccBKe1stk001.072658 CHAM c201748d201748 00102ddc40708MBAaAIMITbAIMITcSMd2007-03-12g450.00iBill no:463; Bill dt:2007-03-03l0o001.072658 CHAMpMBA04314r2025-07-21 00:00:00v360.00w2021-07-16yBK